00714nam a2200253 a 45000010010000000030011000100080041000210200009000620350026000710920011000971000015001082450048001232500011001712600038001823000017002205000011002376500022002488560030002709420012003009520105003129900006004179980020004239990017004430001-1223ELIB.Books150529 2010 eng  aKBTS a(ELIB.Books)0001-1378 aJbDun aDun, Mary. aBiblical Foundation for Interfaith Dialogue aVol 6. aMITbJudson Research Centerc2006 a30-34c25 Cm aVol 6. aBiblical Theology nKBTS: LibraryuKBTS: Elib 2ddccBK 00102ddc4070aKBTSbKBTSd2015-05-29l0pJ Biblical Theologyr2022-01-22 00:00:00w2022-01-22yBK a1 cbate2015-05-29 c11223d11223